000 00413nam a22001457a 4500
005 20170824143513.0
008 170824b xxu||||| |||| 00| 0 eng dvd
020 _a978-81-7722-609-6
041 _aeng
100 _aHolzner Steven
_91992
245 _aVisual Basic .Net Programming BLack BOOK
_h[electronic resource]
260 _aDelhi
_bDreamtech
300 _a1 CD-ROM
_eReceived along with book.
942 _cCD
999 _c5530
_d5528